| 000 | 00502nam a22001817a 4500 | ||
|---|---|---|---|
| 005 | 20251108171030.0 | ||
| 008 | 250721s1996 xx 000 0 ara d | ||
| 082 | 1 | 4 | _a616.4/زهي |
| 100 | 1 | _aالزهيري، غسان | |
| 245 | 1 | 0 | _aأمراض الغدد / |
| 264 | 1 |
_aبيروت : _bالمطبوعات، _c1996. |
|
| 300 | _a131ص | ||
| 490 | 0 | _aسلسلة ؟أمراض الإنسان ؛6 | |
| 650 | 1 | 7 | _aأمراض الغدد |
| 650 | 1 | 7 | _aالعلاج |
| 942 |
_2ddc _cBK |
||
| 999 |
_c54838 _d54838 |
||